Assessment of Companies' Financial Health: Comparison of the Selected Prediction Models
Prognóza finančného zdravia podniku, pomocou vybraných modelov predikcie so zameraním na Tamariho model, Index bonity, Index IN 05 a Model HGN. Hypotéza neaktuálnosti a nízkej úrovne evidenčných hodnôt starších predikčných modelov za iných podmienok, porovnávaním s novšími modelmi.
Na minha lista:
| Autor principal: | |
|---|---|
| Outros Autores: | , |
| Formato: | Capítulo de Livro |
| Idioma: | inglês |
| Assuntos: | |
| Tags: |
Sem tags, seja o primeiro a adicionar uma tag!
|
MARC
| LEADER | 00000naa a2200000 4500 | ||
|---|---|---|---|
| 001 | 0221615 | ||
| 005 | 20250922101800.2 | ||
| 041 | 0 | |a eng | |
| 044 | |a UA | ||
| 245 | 1 | 0 | |a Assessment of Companies' Financial Health: Comparison of the Selected Prediction Models |c Mariana Ivaničková, Bohuslava Mihalčová, Peter Gallo |
| 520 | |a Prognóza finančného zdravia podniku, pomocou vybraných modelov predikcie so zameraním na Tamariho model, Index bonity, Index IN 05 a Model HGN. Hypotéza neaktuálnosti a nízkej úrovne evidenčných hodnôt starších predikčných modelov za iných podmienok, porovnávaním s novšími modelmi. | ||
| 610 | 2 | 0 | |a podnik |
| 610 | 2 | 0 | |a analýza finančná |
| 610 | 2 | 0 | |a zdravie podniku finančné |
| 610 | 2 | 0 | |a modely prognostické |
| 100 | 1 | |a Ivaničková, Mariana, 1977- | |
| 700 | 1 | |a Mihalčová, Bohuslava, 1963- | |
| 700 | 1 | |a Gallo, Peter, ml. | |